[Event "NOR-chB"]
[Site "Oslo"]
[Date "2015.07.04"]
[Round "7"]
[White "Chavannes, Ivar"]
[Black "Pham, Toan Thanh"]
[Result "1-0"]
[WhiteElo "2133"]
[BlackElo "2052"]
[PlyCount "111"]
[EventDate "2015.07.04"]
[EventType "swiss"]
[EventRounds "9"]
[EventCountry "NOR"]
[SourceTitle "EXT 2017"]
[Source "ChessBase"]
[SourceDate "2016.10.25"]
[SourceVersion "1"]
[SourceVersionDate "2016.10.25"]
[SourceQuality "1"]

1. d4 d5 2. c4 e6 3. Nf3 c6 4. Nc3 dxc4 5. a4 Bb4 6. e3 b5 7. Ne5 Nf6 8. Be2 Bb7 9. Bf3 Qc7 10. 0-0 Bxc3 11. bxc3 0-0 12. Ba3 Re8 13. Qb1 a6 14. axb5 axb5 15. e4 Nbd7 16. Nxd7 Qxd7 17. Rd1 Ra4 18. Bc5 Rea8 19. Qb2 Qd8 20. h3 Qa5 21. Bb4 Qa6 22. Rxa4 Qxa4 23. Re1 Nd7 24. Qd2 Qa7 25. Qg5 Qb6 26. Qe7 Qd8 27. Qd6 Nf6 28. Qf4 Nd7 29. Bd6 Qf6 30. Qg4 Qg6 31. Qh4 Qf6 32. Qg3 Qg6 33. Qh2 h6 34. h4 Qf6 35. h5 Ra2 36. Qg3 Qg5 37. Bg4 Qf6 38. f4 Qd8 39. f5 exf5 40. Bxf5 Nf6 41. Qe5 Nd7 42. Qf4 Nf6 43. g4 Ne8 44. Be5 f6 45. Be6+ Kh8 46. Rf1 Bc8 47. Qf5 Bxe6 48. Qxe6 Nc7 49. Bxc7 Qxc7 50. e5 Kh7 51. Qe8 c5 52. g5 hxg5 53. Qg6+ Kg8 54. h6 Qb7 55. d5 Qf7 56. h7+ 1-0

[Event "NOR-chT 1415"]
[Site "Norway"]
[Date "2014.11.01"]
[Round "2.1"]
[White "Pham, Toan Thanh"]
[Black "Persson, Mats"]
[Result "0-1"]
[WhiteElo "2093"]
[BlackElo "2228"]
[PlyCount "55"]
[EventDate "2014.10.31"]
[EventType "team-tourn"]
[EventRounds "11"]
[EventCountry "NOR"]
[SourceTitle "EXT 2015"]
[Source "ChessBase"]
[SourceDate "2014.11.20"]
[SourceVersion "1"]
[SourceVersionDate "2014.11.20"]
[SourceQuality "1"]
[WhiteTeam "Oslo Akademisk"]
[BlackTeam "Oslo SS"]
[WhiteTeamCountry "NOR"]
[BlackTeamCountry "NOR"]

1. d4 d5 2. c4 c6 3. Nf3 Nf6 4. Nc3 e6 5. e3 Nbd7 6. Qc2 Bd6 7. b3 0-0 8. Bb2 e5 9. cxd5 cxd5 10. dxe5 Nxe5 11. Nd4 Be6 12. Be2 Rc8 13. f3 Nc6 14. Qd2 Re8 15. 0-0 Qc7 16. f4 Bb4 17. Nxe6 Rxe6 18. Bf3 d4 19. exd4 Nxd4 20. Rac1 Qd8 21. Qd3 Qb6 22. Kh1 Nxf3 23. Qxf3 Bxc3 24. Rxc3 Rce8 25. Rcc1 Re3 26. Qf2 Ne4 27. Qh4 Re2 28. Qe7 0-1

[Event "NOR-chT 1213"]
[Site "Norway"]
[Date "2013.04.07"]
[Round "9"]
[White "Pham, Toan Thanh"]
[Black "Nilsen, Joachim Birger"]
[Result "0-1"]
[WhiteElo "2100"]
[BlackElo "2229"]
[PlyCount "96"]
[EventDate "2012.11.02"]
[EventType "team-tourn"]
[EventRounds "9"]
[EventCountry "NOR"]
[SourceTitle "EXT 2014"]
[Source "ChessBase"]
[SourceDate "2013.11.20"]
[SourceVersion "1"]
[SourceVersionDate "2013.11.20"]
[SourceQuality "1"]
[WhiteTeam "Akademisk"]
[BlackTeam "Bergens"]
[WhiteTeamCountry "NOR"]
[BlackTeamCountry "NOR"]

1. d4 Nf6 2. c4 e6 3. g3 Bb4+ 4. Bd2 Qe7 5. Nf3 Nc6 6. Nc3 Bxc3 7. Bxc3 Ne4 8. Rc1 0-0 9. Bg2 d6 10. 0-0 Nxc3 11. Rxc3 e5 12. d5 Nb8 13. e4 Bg4 14. h3 Bxf3 15. Qxf3 a5 16. Kh2 Na6 17. Qg4 Nc5 18. h4 Rab8 19. Qe2 Qd7 20. Bh3 Qe8 21. b3 b5 22. Rfc1 b4 23. Re3 Qe7 24. f4 Rbe8 25. Re1 a4 26. Qh5 axb3 27. axb3 Ra8 28. fxe5 Qxe5 29. Qxe5 dxe5 30. Rd1 Rfd8 31. Bg2 Ra2 32. Ree1 Kf8 33. Rb1 Ke7 34. Kh3 Rda8 35. Bf3 Nd3 36. Re2 Rxe2 37. Bxe2 Nf2+ 38. Kg2 Nxe4 39. Bd3 Ra2+ 40. Kg1 Nc5 41. Bxh7 g6 42. g4 Kf6 43. h5 Kg7 44. hxg6 fxg6 45. Rf1 Nxb3 46. Re1 Ra1 47. Rxa1 Nxa1 48. c5 b3 0-1

[Event "NOR-chT 1213"]
[Site "Norway"]
[Date "2012.11.02"]
[Round "1"]
[White "Pham, Toan Thanh"]
[Black "Aulin Jansson, Joran"]
[Result "0-1"]
[WhiteElo "2100"]
[BlackElo "2232"]
[PlyCount "98"]
[EventDate "2012.11.02"]
[EventType "team-tourn"]
[EventRounds "9"]
[EventCountry "NOR"]
[SourceTitle "EXT 2013"]
[Source "ChessBase"]
[SourceDate "2012.11.22"]
[SourceVersion "1"]
[SourceVersionDate "2012.11.22"]
[SourceQuality "1"]
[WhiteTeam "Akademisk"]
[BlackTeam "Asker"]
[WhiteTeamCountry "NOR"]
[BlackTeamCountry "NOR"]

1. d4 Nf6 2. c4 g6 3. g3 Bg7 4. Bg2 0-0 5. Nc3 d6 6. Nf3 Nc6 7. 0-0 e5 8. d5 Ne7 9. e4 h6 10. Ne1 g5 11. Nc2 Bd7 12. Ne3 Qc8 13. Bd2 Ng4 14. Nxg4 Bxg4 15. f3 Bd7 16. Qe2 f5 17. Rac1 b6 18. a3 Bf6 19. b4 Kg7 20. c5 Qe8 21. Qc4 dxc5 22. bxc5 c6 23. d6 Ng6 24. exf5 Bxf5 25. Ne4 Be6 26. Qc2 Bd5 27. Bc3 Qe6 28. Rce1 bxc5 29. Nxc5 Qxd6 30. Ne4 Qxa3 31. Kh1 Rae8 32. Qd2 Bxe4 33. fxe4 Rd8 34. Qe3 Be7 35. Rf5 Bc5 36. Bxe5+ Nxe5 37. Qxa3 Bxa3 38. Rxe5 Bb4 39. Rb1 a5 40. Re6 Rf6 41. Rxf6 Kxf6 42. e5+ Kxe5 43. Bxc6 Rd2 44. Bf3 Kd4 45. h4 Ke3 46. Bd1 Kf2 47. hxg5 hxg5 48. g4 Rd6 49. Rb2+ Bd2 0-1

[Event "Fagernes Norsk op-A"]
[Site "Fagernes"]
[Date "2011.04.23"]
[Round "9"]
[White "Pham, Toan Thanh"]
[Black "Ofstad, Per"]
[Result "0-1"]
[WhiteElo "2086"]
[BlackElo "2194"]
[PlyCount "66"]
[EventDate "2011.04.17"]
[EventType "swiss"]
[EventRounds "9"]
[EventCountry "NOR"]
[SourceTitle "CBM 141 Extra"]
[Source "ChessBase"]
[SourceDate "2011.05.03"]
[SourceVersion "1"]
[SourceVersionDate "2011.05.03"]
[SourceQuality "1"]

1. d4 d5 2. c4 c6 3. Nf3 Nf6 4. Nc3 e6 5. Bg5 dxc4 6. e4 b5 7. e5 h6 8. Bh4 g5 9. Nxg5 Nd5 10. Nxf7 Qxh4 11. Nxh8 Bb4 12. Rc1 c5 13. dxc5 Nc6 14. Be2 Nxe5 15. Bh5+ Ke7 16. Ng6+ Nxg6 17. Bxg6 Bb7 18. Qf3 Qf4 19. Qd1 Qe5+ 20. Kf1 Bxc3 21. bxc3 Nf4 22. Qd6+ Qxd6 23. cxd6+ Kxd6 24. f3 Nxg6 25. Rd1+ Bd5 26. Rd4 a5 27. a3 b4 28. axb4 axb4 29. Kf2 Ra2+ 30. Kg3 bxc3 31. Rc1 Rd2 32. Rg4 Ne5 33. Rh4 c2 0-1

[Event "Fagernes Norsk op-A"]
[Site "Fagernes"]
[Date "2011.04.17"]
[Round "5"]
[White "Pham, Toan Thanh"]
[Black "Christiansen, Johan Sebastian"]
[Result "1-0"]
[WhiteElo "2086"]
[BlackElo "1924"]
[PlyCount "69"]
[EventDate "2011.04.17"]
[EventType "swiss"]
[EventRounds "9"]
[EventCountry "NOR"]
[SourceTitle "CBM 141 Extra"]
[Source "ChessBase"]
[SourceDate "2011.05.03"]
[SourceVersion "1"]
[SourceVersionDate "2011.05.03"]
[SourceQuality "1"]

1. d4 d5 2. c4 c6 3. Nf3 Nf6 4. Nc3 dxc4 5. a4 Bf5 6. Ne5 Nbd7 7. Nxc4 e6 8. f3 Bb4 9. e4 Bg6 10. Be3 0-0 11. Be2 Re8 12. 0-0 c5 13. Nd6 Rf8 14. Nxb7 Qb6 15. Nxc5 Bxc5 16. dxc5 Qxb2 17. Qc1 Qb4 18. Rb1 Qa5 19. c6 Nb8 20. Rb5 Qc7 21. Rc5 a6 22. a5 Rd8 23. Na4 e5 24. Nb6 Ra7 25. Rd1 Rxd1+ 26. Qxd1 h5 27. Qc1 h4 28. Bg5 Nh5 29. Nd5 Qc8 30. c7 Rxc7 31. Rxc7 Qe6 32. Rc8+ Kh7 33. Rxb8 Qd6 34. Rb6 Qd7 35. Qc6 1-0

[Event "NOR-chT 0910"]
[Site "Norway"]
[Date "2010.01.09"]
[Round "5"]
[White "Demac, Elias"]
[Black "Pham, Toan Thanh"]
[Result "0-1"]
[WhiteElo "2221"]
[BlackElo "2092"]
[PlyCount "49"]
[EventDate "2009.11.06"]
[EventType "team"]
[EventRounds "9"]
[EventCountry "NOR"]
[SourceTitle "EXT 2011"]
[Source "ChessBase"]
[SourceDate "2010.11.26"]
[SourceVersion "1"]
[SourceVersionDate "2010.11.26"]
[SourceQuality "1"]
[WhiteTeam "Bergen"]
[BlackTeam "Oslo Akademisk"]
[WhiteTeamCountry "NOR"]
[BlackTeamCountry "NOR"]

1. d4 d5 2. c4 dxc4 3. e3 Nf6 4. Bxc4 e6 5. Nf3 c5 6. 0-0 a6 7. Bb3 Be7 8. Nc3 b5 9. dxc5 Qxd1 10. Rxd1 Bxc5 11. Bd2 Bb7 12. Rac1 Nbd7 13. Ne2 Rc8 14. Ned4 0-0 15. Nxe6 fxe6 16. Bxe6+ Kh8 17. Ba5 Bb6 18. Bc3 Rc7 19. Ng5 h6 20. Nf7+ Kh7 21. Nd6 Ba8 22. b4 Nb8 23. e4 Nxe4 24. Bf5+ Rxf5 25. Ra1 0-1

[Event "Maastricht Limburg op"]
[Site "Maastricht"]
[Date "2008.05.11"]
[Round "5"]
[White "Pham, Toan Thanh"]
[Black "Van Mechelen, Jan"]
[Result "1-0"]
[WhiteElo "2111"]
[BlackElo "2304"]
[PlyCount "63"]
[EventDate "2008.05.09"]
[EventType "swiss"]
[EventRounds "7"]
[EventCountry "NED"]
[SourceTitle "EXT 2009"]
[Source "ChessBase"]
[SourceDate "2008.11.26"]
[SourceVersion "1"]
[SourceVersionDate "2008.11.26"]
[SourceQuality "1"]

1. e4 e6 2. d4 d5 3. Nc3 Bb4 4. e5 c5 5. a3 Bxc3+ 6. bxc3 Ne7 7. Qg4 0-0 8. Bd3 f5 9. Qg3 b6 10. h4 Ba6 11. Bxa6 Nxa6 12. Qd3 Nb8 13. Ne2 Nbc6 14. Nf4 Qd7 15. Rh3 cxd4 16. cxd4 Rac8 17. Rg3 Kh8 18. Rb1 Nd8 19. h5 Rc4 20. c3 Rf7 21. Qe2 Qc6 22. Bd2 Qa4 23. Bc1 Nec6 24. Qd2 Na5 25. h6 g6 26. Nxg6+ hxg6 27. Qg5 Qe8 28. Qxg6 Qf8 29. Bg5 Rcc7 30. Bf6+ Rxf6 31. exf6 Rf7 32. Qg7+ 1-0

[Event "Maastricht Limburg op"]
[Site "Maastricht"]
[Date "2008.05.11"]
[Round "4"]
[White "Ringoir, Tanguy"]
[Black "Pham, Toan Thanh"]
[Result "1/2-1/2"]
[WhiteElo "2252"]
[BlackElo "2111"]
[PlyCount "86"]
[EventDate "2008.05.09"]
[EventType "swiss"]
[EventRounds "7"]
[EventCountry "NED"]
[SourceTitle "EXT 2009"]
[Source "ChessBase"]
[SourceDate "2008.11.26"]
[SourceVersion "1"]
[SourceVersionDate "2008.11.26"]
[SourceQuality "1"]

1. e4 c5 2. Nc3 Nc6 3. f4 g6 4. Nf3 Bg7 5. Bb5 Nd4 6. 0-0 e6 7. e5 a6 8. Bd3 Nxf3+ 9. Qxf3 d5 10. exd6 Qxd6 11. b3 Ne7 12. Bb2 0-0 13. Kh1 Qc7 14. Na4 Bd7 15. Bxg7 Kxg7 16. Be4 Bxa4 17. bxa4 Rab8 18. Rab1 b6 19. Rb3 Rfd8 20. Qc3+ Kg8 21. Qf6 Rd4 22. Re3 Qd8 23. Rd3 Nf5 24. Qxd8+ Rbxd8 25. Rb1 c4 26. Rxd4 Rxd4 27. d3 cxd3 28. Bxd3 Rxa4 29. Rxb6 Rxa2 30. Rxa6 Rxa6 31. Bxa6 Kf8 32. Bd3 Nd4 33. Kg1 Ke7 34. Kf2 Kd6 35. Ke3 Nc6 36. g4 h6 37. h3 e5 38. h4 exf4+ 39. Kxf4 Ne7 40. g5 hxg5+ 41. hxg5 Nd5+ 42. Ke4 f5+ 43. gxf6 Nxf6+ 1/2-1/2

[Event "NOR-chT Ishav 0708"]
[Site "Oslo"]
[Date "2008.01.13"]
[Round "6"]
[White "Pham, Toan Thanh"]
[Black "Bjerke, Silje"]
[Result "1/2-1/2"]
[WhiteElo "1942"]
[BlackElo "2151"]
[PlyCount "63"]
[EventDate "2007.11.09"]
[EventType "team-swiss"]
[EventRounds "9"]
[EventCountry "NOR"]
[SourceTitle "EXT 2010"]
[Source "ChessBase"]
[SourceDate "2010.11.25"]
[SourceVersion "1"]
[SourceVersionDate "2010.11.25"]
[SourceQuality "1"]

1. e4 c5 2. Nf3 d6 3. d4 Nf6 4. Nc3 cxd4 5. Nxd4 a6 6. f3 e5 7. Nb3 Be6 8. Be3 h5 9. Qd2 Nbd7 10. a4 Be7 11. a5 0-0 12. Nd5 Nxd5 13. exd5 Bf5 14. c4 Bg6 15. Be2 Rc8 16. 0-0 f5 17. Kh1 f4 18. Bg1 Bg5 19. Qb4 Nf6 20. Rad1 h4 21. Bd3 Bxd3 22. Rxd3 Nh5 23. Bf2 Qd7 24. Nd2 h3 25. gxh3 Be7 26. Rg1 Qxh3 27. Ne4 Rf7 28. b3 Qd7 29. Rg6 Qh3 30. Rg1 Qd7 31. Rg6 Qh3 32. Qe1 1/2-1/2

[Event "Groningen Harmonie op-A"]
[Site "Groningen"]
[Date "2007.12.27"]
[Round "6"]
[White "Goudriaan, Etienne"]
[Black "Pham, Toan Thanh"]
[Result "0-1"]
[WhiteElo "2123"]
[BlackElo "2100"]
[PlyCount "76"]
[EventDate "2007.12.21"]
[EventType "swiss"]
[EventRounds "9"]
[EventCountry "NED"]
[SourceTitle "CBM 121 Extra"]
[Source "ChessBase"]
[SourceDate "2008.01.10"]
[SourceVersion "1"]
[SourceVersionDate "2008.01.10"]
[SourceQuality "1"]

1. d4 Nf6 2. Nf3 e6 3. c4 Bb4+ 4. Bd2 Qe7 5. Nc3 Nc6 6. Qc2 d6 7. a3 Bxc3 8. Bxc3 0-0 9. e4 e5 10. d5 Nb8 11. h3 Nh5 12. Qd1 g6 13. g3 f5 14. exf5 Bxf5 15. Bg2 Nd7 16. 0-0 Nhf6 17. Nh4 Nc5 18. Nxf5 gxf5 19. f3 Nh5 20. b4 Nd7 21. Be1 f4 22. g4 Ng3 23. Bxg3 fxg3 24. Qe1 Rf4 25. Qxg3 Nb6 26. Rae1 Qf7 27. Re4 Nxc4 28. Rfe1 Rf8 29. Rxf4 exf4 30. Qh4 Ne3 31. Qg5+ Qg7 32. Qxg7+ Kxg7 33. Bf1 Kf6 34. Bd3 Kg5 35. Be4 h6 36. Kf2 Kf6 37. Rc1 Rf7 38. Rc3 Nd1+ 0-1

[Event "Groningen Harmonie op-A"]
[Site "Groningen"]
[Date "2007.12.26"]
[Round "5"]
[White "Pham, Toan Thanh"]
[Black "Hoffman, Ron"]
[Result "0-1"]
[WhiteElo "2100"]
[BlackElo "2158"]
[PlyCount "102"]
[EventDate "2007.12.21"]
[EventType "swiss"]
[EventRounds "9"]
[EventCountry "NED"]
[SourceTitle "CBM 121 Extra"]
[Source "ChessBase"]
[SourceDate "2008.01.10"]
[SourceVersion "1"]
[SourceVersionDate "2008.01.10"]
[SourceQuality "1"]

1. e4 c5 2. Nf3 Nc6 3. d4 cxd4 4. Nxd4 e5 5. Nb5 d6 6. N1c3 a6 7. Na3 b5 8. Nd5 Nge7 9. Nxe7 Bxe7 10. c4 b4 11. Nc2 0-0 12. h4 a5 13. g3 Be6 14. b3 Qd7 15. Be2 f5 16. exf5 Bxf5 17. Ne3 Nd4 18. Nxf5 Qxf5 19. 0-0 Qe4 20. Be3 Nxe2+ 21. Qxe2 Rf3 22. Rad1 Raf8 23. Qd3 Qg4 24. Qd5+ Kh8 25. Bg5 Bxg5 26. hxg5 Qxg5 27. Qxd6 h5 28. Qe6 R8f5 29. Qd5 Kh7 30. Qd8 Qg4 31. Qh4 Qxh4 32. gxh4 R5f4 33. Rd5 Rg4+ 34. Kh2 Rxh4+ 35. Kg2 Rf5 36. Rfd1 Rhf4 37. R1d2 e4 38. Rxf5 Rxf5 39. Rd4 Re5 40. Rd6 g5 41. Rb6 Kg7 42. Rb5 Kf6 43. Rb6+ Kf5 44. Rb8 e3 45. Rf8+ Kg4 46. fxe3 Rxe3 47. Kf2 Rc3 48. Kg2 h4 49. Rf2 h3+ 50. Kh2 Kh4 51. Rd2 g4 0-1

[Event "NOR-ch op"]
[Site "Oslo"]
[Date "2004.04.09"]
[Round "7"]
[White "Skytte, Torill"]
[Black "Pham, Toan Thanh"]
[Result "1/2-1/2"]
[WhiteElo "2013"]
[BlackElo "2126"]
[PlyCount "70"]
[EventDate "2004.04.03"]
[EventType "swiss"]
[EventRounds "9"]
[EventCountry "NOR"]
[SourceTitle "CBM 099 Extra"]
[Source "ChessBase"]
[SourceDate "2004.05.04"]
[SourceVersion "1"]
[SourceVersionDate "2004.05.04"]
[SourceQuality "1"]

1. d4 d5 2. Nf3 Nf6 3. Bf4 Bf5 4. e3 e6 5. Bd3 Bxd3 6. Qxd3 c6 7. Nbd2 Bd6 8. Bxd6 Qxd6 9. 0-0 Nbd7 10. e4 dxe4 11. Nxe4 Nxe4 12. Qxe4 0-0 13. c3 Rfd8 14. Rad1 Qd5 15. Qxd5 cxd5 16. Rfe1 Rdc8 17. Ne5 Nf6 18. Re2 Rc7 19. Rde1 Ne8 20. f3 Nd6 21. Kf2 Nf5 22. Nd3 Kf8 23. Nf4 Rac8 24. Re5 g6 25. R5e2 Rc6 26. Nd3 Ra6 27. a3 Rac6 28. Nc5 R6c7 29. Nd3 Kg7 30. h3 g5 31. Rh1 Rh8 32. g4 Nh4 33. Kg3 Ng6 34. Rf1 h5 35. Ree1 hxg4 1/2-1/2

[Event "NOR-chB op"]
[Site "Asker"]
[Date "2003.06.01"]
[Round "5"]
[White "Pham, Toan Thanh"]
[Black "Alne, Sture Magne"]
[Result "1-0"]
[WhiteElo "1875"]
[BlackElo "1446"]
[PlyCount "109"]
[EventDate "2003.05.??"]
[EventType "swiss"]
[EventRounds "5"]
[EventCountry "NOR"]
[SourceTitle "EXT 2005"]
[Source "ChessBase"]
[SourceDate "2004.11.15"]
[SourceVersion "1"]
[SourceVersionDate "2004.11.15"]
[SourceQuality "1"]

1. d4 g6 2. c4 Bg7 3. Nc3 d6 4. e4 Nd7 5. Nf3 f6 6. d5 Nh6 7. Be2 Nf7 8. 0-0 c5 9. Be3 0-0 10. Nh4 Nh6 11. Qd2 g5 12. Nf5 Nxf5 13. exf5 Kh8 14. g4 Rg8 15. Kg2 Ne5 16. Ne4 h5 17. h3 Qf8 18. a3 Bd7 19. Ng3 h4 20. Ne4 Bh6 21. b4 b6 22. Rfc1 Rb8 23. Kh1 Kh7 24. Rab1 Qd8 25. Rb2 Qc7 26. f4 Nf7 27. fxg5 fxg5 28. Bd3 Kh8 29. b5 Rbf8 30. Ra2 Ra8 31. Rf1 Raf8 32. a4 Qb7 33. a5 Ra8 34. Bb1 Raf8 35. Qc2 Rg7 36. Qc1 bxa5 37. Rxa5 Kg8 38. Qa3 Kh8 39. Rxa7 Qc8 40. Kh2 Ne5 41. Qc1 Qb8 42. Ra5 Qb6 43. Bd2 Qc7 44. Qc2 Qb7 45. Bc3 Rgf7 46. Nxc5 dxc5 47. Bxe5+ Bg7 48. Bxg7+ Rxg7 49. Kg1 Qc7 50. Qc3 Kg8 51. Ra6 Rf6 52. Ra8+ Kf7 53. Qe3 Qd6 54. Re1 Rh6 55. Ra6 1-0